| 000 | 00946nam a2200265 i 4500 | ||
|---|---|---|---|
| 001 | 000004322 | ||
| 003 | DO-SdBNP | ||
| 005 | 20240417133449.0 | ||
| 007 | ta | ||
| 008 | 090721s2007 dr ad 001 0 spa d | ||
| 040 |
_aDO-SdBNP _bspa _cBNPHU _erda |
||
| 082 |
_bR426i _222 |
||
| 110 |
_aRepública Dominicana. _b Comisión Nacional de Ética y Combate a la Corrupción _955749 |
||
| 245 | 0 | _aInforme de rendición de cuentas, enero-junio 2007, plan estratégico de ética, prevención y sanción a la corrupción / | |
| 260 |
_aSanto Domingo : _c[196-?]. |
||
| 264 |
_aSanto Domingo : _bComisión Nacional de Ética y Combate a la Corrupción, _c2007. |
||
| 300 |
_a84 paginas. : _bgráficos ; _c29 cm. |
||
| 336 |
_2rdacontent _atexto _btxt |
||
| 337 |
_2rdamedia _asin mediación _bn |
||
| 338 |
_2rdacarrier _avolumen _bnc |
||
| 590 | _aInventariado, 2023 / DG | ||
| 650 | 0 |
_aPartidos políticos _93367 |
|
| 910 | _aDG | ||
| 942 |
_2ddc _cLBS1 |
||
| 999 |
_c53252 _d53252 |
||